• 首页
  • 本馆介绍
  • 公告通知
  • 最新文献
  • 馆藏检索
  • 电子资源
  • 读者导购
  • 参考咨询
  • 我的图书馆
  • 登录
  • 详细信息显示
  • 放入我的书架
  • 预约/预借图书
  • 作者相关作品
  • 分类相关作品
  • 丛书相关作品
  • 出版社相关作品

书目信息

  • 表格格式
  • 工作单格式
  • 卡片格式
题名:
科学技术开拓和发展中的哲理和数学
    
 
作者: 杨秉政 , 张清江 著
分册:  
出版信息: 北京   科学出版社  2012.3
页数: 190页
开本: 24cm
丛书名:
单 册:
中图分类: N12
科图分类:
主题词: 科技发展--研究--中国
电子资源:
ISBN: 978-7-03-033709-2
000 01007nam0 2200265 450
001 3165
005 20161208081602.78
010    @a978-7-03-033709-2@dCNY50.00
100    @a20120331d2012 ekmy0chiy0120 ea
101 0  @achi
102    @aCN@b110000
105    @aa a 000yy
200 1  @a科学技术开拓和发展中的哲理和数学@9ke xue ji shu kai tuo he fa zhan zhong de zhe li he shu xue@f杨秉政,张清江著
210    @a北京@c科学出版社@d2012.3
215    @a190页@c图@d24cm
300    @a西北工业大学专著出版基金资助
320    @a有书目
330    @a本书是以案例为主,研究如何提升我国科学技术品位和内涵的策略,核心是用哲理和数学开拓和发展具有中国特色的科学技术。
333    @a本书可作为高等院校研究生和高年级本科生的辅助教材,也可以供科技工作者和科技决策人员用做培训资料或参考书。
606 0  @a科技发展@x研究@y中国
690    @aN12@v4
701  0 @a杨秉政@9yang bing zheng@4著
701  0 @a张清江@9zhang qing jiang@4著
801  0 @aCN@b大连网信软件有限公司图书馆·11@c20161208
905    @aZUCC@dN12@e105
    
    科学技术开拓和发展中的哲理和数学/杨秉政,张清江著.-北京:科学出版社,2012.3
    190页:图;24cm
    西北工业大学专著出版基金资助.-使用对象:本书可作为高等院校研究生和高年级本科生的辅助教材,也可以供科技工作者和科技决策人员用做培训资料或参考书。
    
    ISBN 978-7-03-033709-2:CNY50.00
    本书是以案例为主,研究如何提升我国科学技术品位和内涵的策略,核心是用哲理和数学开拓和发展具有中国特色的科学技术。
●
相关链接 在E读中查询图书 在五车中查询图书 在当当中查询图书 在豆瓣中查询图书


正题名:科学技术开拓和发展中的哲理和数学     索取号:N12/105         预约/预借

序号 登录号 条形码 馆藏地/架位号 状态 备注
1 911951   209119513   第二样本阅览室/ [索取号:N12/105] 在馆    
2 911952   209119522   第三借阅区/ [索取号:N12/105] 在馆    
3 911953   209119531   第三借阅区/ [索取号:N12/105] 在馆    
唐山师范学院图书馆 欢迎您!
大连网信软件有限公司© 版权所有